00212nam a2200097Ia 4500008004100000100002200041245001800063260000900081942000700090999001700097190216s9999||||xx |||||||||||||| ||und|| aGovindan Nair M N 0aNayarude Mook bNull cBK c24797d24797